Historia del trabajo social en Colombia : una aproximación crítico-dialéctica /

Detalles Bibliográficos
Otros Autores: Beltrán Camargo, René Mauricio (Editor), Guevara Peña, Nora Liliana (Editor)
Formato: Electrónico eBook
Lenguaje:español
Publicado: Bogotá D.C., Colombia : Corporación Universitaria Minuto de Dios - UNIMINUTO, 2022.
Edición:Primera edición digital.
Colección:Colección de investigación (UNIMINUTO (University))
Materias:
Acceso en línea:Digitalia Hispánica

MARC

LEADER 00000nam a2200000 i 4500
001 DIGCUMD0223
003 NyNyDIG
006 m o d
007 cr |||||||||||
008 240401s2022 ck a ob 000 0 spa d
035 |a (OCoLC)1430188979 
040 |a DGITA  |b eng  |e rda  |e pn  |c DGITA 
020 |a 9789587635751  |q eBook 
020 |z 9789587635744 
041 0 |a spa  |b spa  |b eng 
043 |a s-ck---  
050 1 4 |a HV11 ebook 
245 0 0 |a Historia del trabajo social en Colombia :  |b una aproximación crítico-dialéctica /  |c René Mauricio Beltrán Camargo, Nora Liliana Guevara Peña (comp.). 
250 |a Primera edición digital. 
264 1 |a Bogotá D.C., Colombia :  |b Corporación Universitaria Minuto de Dios - UNIMINUTO,  |c 2022. 
300 |a 1 online resource :  |b illustrations. 
336 |a text  |b txt  |2 rdacontent 
337 |a computer  |b c  |2 rdamedia 
338 |a online resource  |b cr  |2 rdacarrier 
347 |a text file  |2 rdaft 
347 |b PDF 
490 1 |a Colección de investigación 
504 |a Includes bibliographical references. 
546 |a Text in Spanish with abstract in Spanish and English in each chapter.  
588 0 |a Online resource; title from PDF title page (Digitalia, viewed April 1, 2024) 
650 0 |a Social work education  |z Colombia. 
650 0 |a Social service  |z Colombia. 
700 1 |a Beltrán Camargo, René Mauricio,  |e editor. 
700 1 |a Guevara Peña, Nora Liliana,  |e editor. 
776 0 8 |i Print version:  |t Historia del trabajo social en Colombia.  |b Primera edición digital.  |d Bogotá D.C., Colombia : Corporación Universitaria Minuto de Dios - UNIMINUTO, 2022  |z 9789587635744 
791 2 |a Digitalia (Firm),  |e distributor. 
793 0 |g Digitalia eBook Collection:  |a Corporación Universitaria Minuto de Dios 
830 0 |a Colección de investigación (UNIMINUTO (University)) 
856 4 0 |3 Digitalia Hispánica  |u https://www.digitaliapublishing.com/a/131766/ 
910 |a Premium collection: 2024